000 00906nam a22002897a 4500
003 CHAP
005 20220329135330.0
008 971013s1975 r 00010 d
010 _a34544
011 _a35516
035 _a39632
040 _cCHAP
090 _aFolleto 4984y
100 0 0 _aOizerman, T.
_982887
245 1 _aCuándo y por qué surgió el marxismo
260 _aMéxico, D. F. :
_bCultura Popular,
_c1975
300 _a111 p.
490 _aEl libro popular.
_pBiblioteca del militante
_v; 11
590 _aBATCH-UPD
_b10
_c20130110
_lUCH01
_h1416
590 _aCONVERSION
_b10
_c20130109
_lUCH01
_h1319
650 1 4 _aMarxismo.
_972728
830 _aEl libro popular.
_pBiblioteca del militante
_v; 11
_936137
901 _aBK
942 _cFOLL
949 _aFolleto 4984y
_bBC
_cFOLL
_d-90432
_eTS1
_i39632
_si
_t24.00
949 _aFolleto 4984y
_bBC
_cFOLL
_d-90433
_eTS2
_fc.2
_i39632
_si
_t24.00
999 _c34544
_d34544